00502nam a22001815i 450000100060000000300090000600500170001500700030003200800410003504000200007610000190009624500520011525000130016726000620018030000350024265000220027785200210029968670ES-MaACL20250814033433.0t|960827s1871 fr a |||| | fre d aCAM bspa cCAM1 aGervais, Paul.10aEléments de zoologie / cpar M. Paul Gervais. a2e éd. aParis : bLibrairie Hachette, c1871 (fImp. E. Martinet) aXII, 596 p. : bil. ; c23 cm. 7aZoología2embne aES-MaACLjG-9107